[Event "Oberliga Ost A"]
[Site "?"]
[Date "2023.02.05"]
[Round "7.6"]
[White "Fischer, Erik"]
[Black "Fehlhammer, Michael"]
[Result "0-1"]
[WhiteElo "2053"]
[BlackElo "2145"]
[PlyCount "134"]
[EventDate "2022.09.18"]
[EventType "team-tourn"]
[EventCountry "GER"]
[WhiteTeam "Reichenbrand SV Eiche"]
[BlackTeam "Plauen SK Koenig"]
[WhiteTeamCountry "GER"]
[BlackTeamCountry "GER"]

1. e4 e6 2. d4 d5 3. e5 c5 4. c3 Nc6 5. Nf3 Bd7 6. Be2 Nge7 7. Na3 cxd4 8. cxd4 Nf5 9. Nc2 Nb4 10. O-O Nxc2 11. Qxc2 Qb6 12. Qd3 h6 13. a3 Be7 14. Bd2 a6 15. Rfc1 O-O 16. a4 a5 17. g4 Nh4 18. Nxh4 Bxh4 19. Bd1 f5 20. Bc2 Be8 21. gxf5 Rxf5 22. Be3 Bh5 23. Qf1 Rf7 24. Qh3 g5 25. Ra3 Rf3 26. Qg2 Raf8 27. Rb3 Qd8 28. Rf1 Qe7 29. Bd1 Kh8 30. Bxf3 Bxf3 31. Bxg5 Qxg5 32. Qxg5 Bxg5 33. Ra1 Rf7 34. Raa3 Be4 35. f3 Bf5 36. Rb5 Bd2 37. Kg2 Bb4 38. Re3 Rc7 39. Kg3 Rg7+ 40. Kf2 Rc7 41. Kg3 Kg7 42. Rb6 Kg6 43. Re2 Kh5 44. Kf4 Kh4 45. Ke3 Kh3 46. Rf2 h5 47. Re2 h4 48. Rf2 Be1 49. Re2 Bg3 50. hxg3 hxg3 51. Rd6 g2 52. Re1 Kh2 53. Rd8 g1=Q+ 54. Rxg1 Kxg1 55. Rg8+ Kf1 56. Ra8 Rc2 57. Rxa5 Rxb2 58. Kf4 Ke2 59. Rxd5 exd5 60. Kxf5 Kxf3 61. e6 Re2 62. a5 Re4 63. Kf6 Ke3 64. e7 Kxd4 65. Kf7 Kc5 66. e8=Q Rxe8 67. Kxe8 d4 0-1

[Event "Oberliga Ost A"]
[Site "?"]
[Date "2023.02.05"]
[Round "7.7"]
[White "Sussbauer, Marco"]
[Black "Pfretzschner, Roland"]
[Result "1/2-1/2"]
[WhiteElo "1995"]
[BlackElo "2147"]
[PlyCount "37"]
[EventDate "2022.09.18"]
[EventType "team-tourn"]
[EventCountry "GER"]
[WhiteTeam "Plauen SK Koenig"]
[BlackTeam "Reichenbrand SV Eiche"]
[WhiteTeamCountry "GER"]
[BlackTeamCountry "GER"]

1. d4 Nf6 2. Nf3 c5 3. c3 b6 4. Bf4 Bb7 5. e3 e6 6. Nbd2 Be7 7. h3 O-O 8. Bd3 d5 9. O-O Nbd7 10. Qb1 Re8 11. a4 a6 12. Re1 Rc8 13. Bh2 Nf8 14. Ne5 N6d7 15. Ndf3 f6 16. Nxd7 Qxd7 17. e4 dxe4 18. Bxe4 Bxe4 19. Qxe4 1/2-1/2

[Event "Oberliga Ost A"]
[Site "?"]
[Date "2023.02.05"]
[Round "7.8"]
[White "Melestean, Timur"]
[Black "Waltenberger, Udo"]
[Result "1/2-1/2"]
[WhiteElo "1730"]
[BlackElo "2002"]
[PlyCount "50"]
[EventDate "2022.09.18"]
[EventType "team-tourn"]
[EventCountry "GER"]
[WhiteTeam "Reichenbrand SV Eiche"]
[BlackTeam "Plauen SK Koenig"]
[WhiteTeamCountry "GER"]
[BlackTeamCountry "GER"]

1. d4 Nf6 2. Nf3 g6 3. c4 Bg7 4. Nc3 d5 5. cxd5 Nxd5 6. Bd2 O-O 7. e4 Nxc3 8. Bxc3 c5 9. Be2 cxd4 10. Nxd4 Nc6 11. Nxc6 Bxc3+ 12. bxc3 bxc6 13. Qa4 Be6 14. Bc4 Bxc4 15. Qxc4 Qb6 16. O-O Qb5 17. Qb4 Qxb4 18. cxb4 a5 19. bxa5 Rxa5 20. Rfc1 Rfa8 21. Rc2 c5 22. Kf1 f6 23. Rac1 Rxa2 24. Rxa2 Rxa2 25. Rxc5 Ra7 1/2-1/2

[Event "Oberliga Ost A"]
[Site "?"]
[Date "2023.02.25"]
[Round "8.1"]
[White "Belous, Mikhail"]
[Black "Pulpan, Jakub"]
[Result "1-0"]
[WhiteElo "2375"]
[BlackElo "2422"]
[PlyCount "67"]
[EventDate "2022.09.18"]
[EventType "team-tourn"]
[EventCountry "GER"]
[WhiteTeam "Plauen SK Koenig"]
[BlackTeam "Reichenbrand SV Eiche"]
[WhiteTeamCountry "GER"]
[BlackTeamCountry "GER"]

1. d4 Nf6 2. c4 e6 3. Nc3 d5 4. cxd5 Nxd5 5. e4 Nxc3 6. bxc3 c5 7. Nf3 cxd4 8. cxd4 Bb4+ 9. Bd2 Bxd2+ 10. Qxd2 O-O 11. Bc4 Nd7 12. O-O b6 13. d5 Nc5 14. Rfe1 Bb7 15. Rad1 exd5 16. exd5 Qf6 17. Qd4 Qd6 18. Qe5 Rad8 19. Nd4 g6 20. Qg5 f6 21. Qh6 Kh8 22. h4 Rg8 23. Nb5 Qf8 24. Qxf8 Rgxf8 25. Nxa7 Rd7 26. Nc6 Ra8 27. Rb1 Na4 28. Re3 Kg7 29. Ra3 Rd6 30. Rb4 b5 31. Rxb5 Bxc6 32. dxc6 Rxc6 33. Rb4 Nb6 34. Rxb6 1-0

[Event "Oberliga Ost A"]
[Site "?"]
[Date "2023.02.25"]
[Round "8.2"]
[White "Cerveny, Martin"]
[Black "Matthey, Harald"]
[Result "1-0"]
[WhiteElo "2397"]
[BlackElo "2132"]
[PlyCount "61"]
[EventDate "2022.09.18"]
[EventType "team-tourn"]
[EventCountry "GER"]
[WhiteTeam "Dessau SK"]
[BlackTeam "Aue ESV Nickelhuette II"]
[WhiteTeamCountry "GER"]
[BlackTeamCountry "GER"]

1. Nf3 d5 2. e3 Nf6 3. c4 g6 4. b3 Bg7 5. Bb2 O-O 6. Be2 c5 7. cxd5 Nxd5 8. Bxg7 Kxg7 9. O-O Nc6 10. Qc1 Qd6 11. Nc3 Nxc3 12. Qxc3+ e5 13. Rfc1 b6 14. a3 Bb7 15. d3 f6 16. Rab1 Rac8 17. Rc2 Rfd8 18. Rbc1 Ne7 19. Qc4 Qd7 20. Nd2 Bc6 21. Qh4 Qb7 22. Ne4 g5 23. Qg4 Bd5 24. b4 c4 25. Ng3 cxd3 26. Bxd3 Rxc2 27. Bxc2 Qc8 28. Qe2 Qc3 29. h4 h6 30. Nh5+ Kf7 31. Bg6+ 1-0

[Event "Oberliga Ost A"]
[Site "?"]
[Date "2023.02.25"]
[Round "8.3"]
[White "Schubert, Ralf"]
[Black "Solberg, Joachim"]
[Result "1-0"]
[WhiteElo "2080"]
[BlackElo "2141"]
[PlyCount "139"]
[EventDate "2022.09.18"]
[EventType "team-tourn"]
[EventCountry "GER"]
[WhiteTeam "Aue ESV Nickelhuette II"]
[BlackTeam "Dessau SK"]
[WhiteTeamCountry "GER"]
[BlackTeamCountry "GER"]

1. d4 d5 2. c4 e6 3. Nc3 Be7 4. Nf3 Nf6 5. Bg5 O-O 6. e3 h6 7. Bh4 b6 8. cxd5 Nxd5 9. Bxe7 Qxe7 10. Nxd5 exd5 11. Be2 Be6 12. O-O c5 13. dxc5 bxc5 14. Rc1 Nd7 15. Qc2 Rab8 16. b3 Rfc8 17. h3 Nf6 18. Ba6 Rc6 19. Bd3 Rbc8 20. Bf5 Nd7 21. Bxe6 Qxe6 22. Rfd1 Nf6 23. Qd2 Qe7 24. Rc2 Ne4 25. Qe2 Qe6 26. Rdc1 Qd6 27. Ne1 f5 28. Qf3 g6 29. h4 h5 30. Qe2 f4 31. exf4 Qxf4 32. g3 Qf5 33. Nd3 d4 34. Nf4 Nc3 35. Qc4+ Kh7 36. Re1 R6c7 37. Rd2 Rg7 38. Ne6 Rd7 39. b4 Qd5 40. Qxd5 Rxd5 41. bxc5 d3 42. Nf4 Rdxc5 43. Re7+ Kh6 44. Rxa7 Rd8 45. Rxd3 Ne2+ 46. Kh2 Rxd3 47. Nxd3 Rd5 48. Nf4 Nxf4 49. gxf4 Rd3 50. Kg2 Rc3 51. a4 Ra3 52. a5 Ra4 53. Kg3 Ra3+ 54. f3 Ra2 55. a6 Ra4 56. Ra8 Kh7 57. a7 Kg7 58. Kf2 Ra3 59. Ke2 Ra4 60. Kd3 Kh7 61. f5 gxf5 62. Kc3 Kg7 63. Kb3 Ra1 64. Kb4 f4 65. Kb5 Kh7 66. Kb6 Rb1+ 67. Kc6 Ra1 68. Kd6 Ra5 69. Kc6 Kg7 70. Kb6 1-0

[Event "Oberliga Ost A"]
[Site "?"]
[Date "2023.02.25"]
[Round "8.4"]
[White "Cerveny, Petr"]
[Black "Mirschinka, Dirk"]
[Result "1-0"]
[WhiteElo "2317"]
[BlackElo "2196"]
[PlyCount "71"]
[EventDate "2022.09.18"]
[EventType "team-tourn"]
[EventCountry "GER"]
[WhiteTeam "Dessau SK"]
[BlackTeam "Aue ESV Nickelhuette II"]
[WhiteTeamCountry "GER"]
[BlackTeamCountry "GER"]

1. e4 d6 2. d4 Nf6 3. Nc3 c6 4. f4 Qa5 5. Bd3 e5 6. Nf3 Bg4 7. Be3 Nbd7 8. O-O Be7 9. h3 Bxf3 10. Qxf3 O-O 11. Ne2 Nxe4 12. Bxe4 f5 13. fxe5 fxe4 14. Qg4 Rxf1+ 15. Rxf1 Nf8 16. exd6 Bxd6 17. Nc3 Qd8 18. Nxe4 Be7 19. Qf5 Qe8 20. c4 Qg6 21. d5 Qxf5 22. Rxf5 cxd5 23. Rxd5 Rc8 24. b3 b6 25. Nd6 Rc6 26. Nf5 Kf7 27. a4 Re6 28. Kf2 Bb4 29. g4 Rc6 30. Ke2 Rc7 31. Bf4 Rc8 32. Bd6 Ne6 33. Bxb4 Nf4+ 34. Kf3 Nxd5 35. Nd6+ Ke6 36. cxd5+ 1-0

[Event "Oberliga Ost A"]
[Site "?"]
[Date "2023.02.25"]
[Round "8.5"]
[White "Ozeran, Volodymyr"]
[Black "Heinz, Thomas"]
[Result "1-0"]
[WhiteElo "2078"]
[BlackElo "2124"]
[PlyCount "87"]
[EventDate "2022.09.18"]
[EventType "team-tourn"]
[EventCountry "GER"]
[WhiteTeam "Aue ESV Nickelhuette II"]
[BlackTeam "Dessau SK"]
[WhiteTeamCountry "GER"]
[BlackTeamCountry "GER"]

1. d4 d5 2. Nf3 Nf6 3. g3 g6 4. Bg2 Bg7 5. O-O O-O 6. c4 c6 7. Qb3 Qb6 8. Nbd2 Nbd7 9. cxd5 cxd5 10. e3 e6 11. Qd3 a5 12. a4 Qd8 13. b3 b6 14. Re1 Ba6 15. Qb1 b5 16. axb5 Bxb5 17. Ba3 Re8 18. Bf1 Qb6 19. Qb2 Bxf1 20. Rxf1 Rab8 21. Rfc1 e5 22. Nxe5 Nxe5 23. dxe5 Ng4 24. Bc5 Qb5 25. f4 Qe2 26. Nc4 Qxb2 27. Nxb2 Rxb3 28. Nd1 Ra8 29. h3 Nh6 30. g4 f5 31. g5 Nf7 32. Nc3 Bf8 33. Bd4 Nd8 34. Nxd5 Ne6 35. Nc7 Nxc7 36. Rxc7 a4 37. e6 a3 38. e7 a2 39. exf8=Q+ Kxf8 40. Kf2 Rb1 41. Rc1 Rab8 42. Ke2 Ke7 43. Kd2 Ke6 44. Rxa2 1-0

[Event "Oberliga Ost A"]
[Site "?"]
[Date "2023.02.25"]
[Round "8.6"]
[White "Heinz, Juergen"]
[Black "Erler, Rainer"]
[Result "0-1"]
[WhiteElo "2154"]
[BlackElo "2110"]
[PlyCount "54"]
[EventDate "2022.09.18"]
[EventType "team-tourn"]
[EventCountry "GER"]
[WhiteTeam "Dessau SK"]
[BlackTeam "Aue ESV Nickelhuette II"]
[WhiteTeamCountry "GER"]
[BlackTeamCountry "GER"]

1. d4 d5 2. Nf3 c5 3. dxc5 Nc6 4. c4 d4 5. Nbd2 e5 6. Nb3 Bf5 7. g4 Bxg4 8. Bg2 Bxc5 9. Nxc5 Qa5+ 10. Bd2 Qxc5 11. Qa4 Bd7 12. Qb5 Qe7 13. e3 Nf6 14. O-O-O e4 15. Ng5 h6 16. Nh3 Ne5 17. Qxb7 Nd3+ 18. Kb1 O-O 19. exd4 Rab8 20. Qxa7 Nxb2 21. Ka1 Nxc4 22. Qc5 Qe6 23. Nf4 Qa6 24. Bf1 Qb7 25. Bc3 Rfc8 26. Qe7 Nb2 27. Rc1 Na4 0-1

[Event "Oberliga Ost A"]
[Site "?"]
[Date "2023.02.25"]
[Round "8.7"]
[White "Leibovitch, Iziaslav"]
[Black "Kunze, Kerstin"]
[Result "1/2-1/2"]
[WhiteElo "2064"]
[BlackElo "2001"]
[PlyCount "81"]
[EventDate "2022.09.18"]
[EventType "team-tourn"]
[EventCountry "GER"]
[WhiteTeam "Aue ESV Nickelhuette II"]
[BlackTeam "Dessau SK"]
[WhiteTeamCountry "GER"]
[BlackTeamCountry "GER"]

1. Nf3 d5 2. g3 g6 3. Bg2 Bg7 4. O-O Nf6 5. d3 O-O 6. Nbd2 c5 7. e4 Nc6 8. Re1 dxe4 9. dxe4 e5 10. c3 Qc7 11. Qc2 h6 12. Nc4 Be6 13. Ne3 Rfd8 14. b3 Rd7 15. Ba3 Qa5 16. Bb2 Rad8 17. h3 Qc7 18. Kh2 b5 19. Bf1 a6 20. Rad1 Rxd1 21. Rxd1 Rxd1 22. Nxd1 Qa5 23. a3 Qc7 24. Ne3 Qb7 25. Nd2 Qd7 26. Nf3 Qb7 27. Bg2 Qc7 28. Nd2 Qd6 29. c4 Nd4 30. Qd1 Nd7 31. Nd5 Qb8 32. Bxd4 cxd4 33. b4 bxc4 34. Nxc4 Bf8 35. Qd3 Qb5 36. f4 Bg7 37. fxe5 Nxe5 38. Nxe5 Bxe5 39. Qxb5 axb5 40. Bf1 Bd7 41. Bd3 1/2-1/2

[Event "Oberliga Ost A"]
[Site "?"]
[Date "2023.02.25"]
[Round "8.8"]
[White "Poessel, Christian"]
[Black "Schaefer, Sven"]
[Result "1/2-1/2"]
[WhiteElo "1996"]
[BlackElo "1985"]
[PlyCount "84"]
[EventDate "2022.09.18"]
[EventType "team-tourn"]
[EventCountry "GER"]
[WhiteTeam "Dessau SK"]
[BlackTeam "Aue ESV Nickelhuette II"]
[WhiteTeamCountry "GER"]
[BlackTeamCountry "GER"]

1. d4 Nf6 2. Nf3 g6 3. c4 Bg7 4. Nc3 d6 5. e4 O-O 6. Be2 e5 7. Be3 Ng4 8. Bg5 f6 9. Bc1 Nc6 10. d5 Nd4 11. h3 Nxe2 12. Qxe2 Nh6 13. g4 Nf7 14. Bd2 c5 15. Nh2 a6 16. a4 Bd7 17. Nf1 b5 18. Ne3 b4 19. Ncd1 Bh6 20. f3 Bf4 21. Nf2 Kh8 22. h4 f5 23. b3 fxg4 24. fxg4 Bg3 25. O-O-O Bxf2 26. Qxf2 Ng5 27. Qxf8+ Qxf8 28. hxg5 Qe7 29. Rh6 Rf8 30. Rdh1 Kg8 31. Kd1 Rf7 32. R6h4 a5 33. Ke2 Rf4 34. Kd3 Rf3 35. Ke2 Rf7 36. Nd1 Qf8 37. Be3 Qc8 38. Nf2 Qe8 39. R1h3 Qf8 40. Rh1 Qc8 41. Ra1 Qf8 42. Rah1 Qe8 1/2-1/2

[Event "Oberliga Ost A"]
[Site "?"]
[Date "2023.02.25"]
[Round "8.1"]
[White "Dahl, Christoph"]
[Black "Henning, Marvin"]
[Result "1/2-1/2"]
[WhiteElo "2368"]
[BlackElo "2016"]
[PlyCount "53"]
[EventDate "2022.09.18"]
[EventType "team-tourn"]
[EventCountry "GER"]
[WhiteTeam "Aue ESV Nickelhuette II"]
[BlackTeam "Dessau SK"]
[WhiteTeamCountry "GER"]
[BlackTeamCountry "GER"]

1. e4 e5 2. Nf3 Nf6 3. Nc3 Nc6 4. d4 exd4 5. Nxd4 Bb4 6. Nxc6 bxc6 7. Bd3 d5 8. exd5 O-O 9. O-O cxd5 10. Bg5 c6 11. Qf3 Be7 12. Rfe1 h6 13. Bf4 Bd6 14. Na4 Bg4 15. Qe3 Re8 16. Qd2 Bxf4 17. Rxe8+ Qxe8 18. Qxf4 Qe7 19. b4 Bh5 20. Nc5 Re8 21. a4 Bg6 22. h3 Bxd3 23. Nxd3 Qb7 24. Rb1 Re2 25. Qf5 Ne4 26. Rc1 Nd6 27. Qf3 1/2-1/2

[Event "Oberliga Ost A"]
[Site "?"]
[Date "2023.02.25"]
[Round "8.2"]
[White "Schiffer, Stefan"]
[Black "Rudolf, Sebastian"]
[Result "1/2-1/2"]
[WhiteElo "2252"]
[BlackElo "2317"]
[PlyCount "134"]
[EventDate "2022.09.18"]
[EventType "team-tourn"]
[EventCountry "GER"]
[WhiteTeam "Dresden SG Gruen Weiss"]
[BlackTeam "Leipzig SG II"]
[WhiteTeamCountry "GER"]
[BlackTeamCountry "GER"]

1. e4 c6 2. Ne2 e5 3. d4 d6 4. Nec3 Nf6 5. dxe5 dxe5 6. Qxd8+ Kxd8 7. Bc4 Be6 8. Bxe6 fxe6 9. b3 Bb4 10. a3 Bxc3+ 11. Nxc3 c5 12. Bb2 Nc6 13. O-O-O+ Ke7 14. f3 Rhd8 15. Ne2 Rxd1+ 16. Rxd1 Ne8 17. a4 Nd6 18. c3 g5 19. h3 h5 20. Ng3 g4 21. fxg4 hxg4 22. h4 Rf8 23. Kc2 Na5 24. Bc1 Rf2+ 25. Rd2 Rxd2+ 26. Bxd2 Nc6 27. Kd3 b6 28. Nf1 Na5 29. b4 Nac4 30. a5 Nxd2 31. Nxd2 cxb4 32. axb6 axb6 33. cxb4 b5 34. Nb3 Ne8 35. Nc5 Nf6 36. Ke3 Nh5 37. Nd3 Kd6 38. Nf2 Nf6 39. Nd1 Nh5 40. Nf2 Nf6 41. Kd3 Ke7 42. Nd1 Nh5 43. Ke3 Nf4 44. g3 Nh5 45. Nc3 Nxg3 46. Nxb5 Nh5 47. Na3 Nf4 48. Nc4 Ng2+ 49. Kf2 Nxh4 50. Kg3 Nf3 51. Kxg4 Ne1 52. Nxe5 Kd6 53. Nf7+ Kc6 54. Nd8+ Kd7 55. Nb7 Kc6 56. Nc5 Kb5 57. Nxe6 Kxb4 58. Nf4 Kc5 59. e5 Nc2 60. Kf5 Ne3+ 61. Kg6 Ng4 62. e6 Kd6 63. Kf7 Ne5+ 64. Kf6 Nd7+ 65. Kf7 Ne5+ 66. Kf8 Ng6+ 67. Nxg6 Kxe6 1/2-1/2

[Event "Oberliga Ost A"]
[Site "?"]
[Date "2023.02.25"]
[Round "8.3"]
[White "Zwahr, Paul"]
[Black "Roemling, Sven"]
[Result "1-0"]
[WhiteElo "2264"]
[BlackElo "2241"]
[PlyCount "59"]
[EventDate "2022.09.18"]
[EventType "team-tourn"]
[EventCountry "GER"]
[WhiteTeam "Leipzig SG II"]
[BlackTeam "Dresden SG Gruen Weiss"]
[WhiteTeamCountry "GER"]
[BlackTeamCountry "GER"]

1. e4 c6 2. d4 d5 3. e5 Qb6 4. c4 Bf5 5. c5 Qc7 6. Nc3 e6 7. g4 Bg6 8. Nge2 Nd7 9. Nf4 O-O-O 10. Be2 Re8 11. O-O f6 12. Nxg6 hxg6 13. f4 g5 14. b4 fxe5 15. fxe5 Nxe5 16. Bxg5 Nd3 17. h4 Qg3+ 18. Kh1 Nf2+ 19. Rxf2 Qxf2 20. Qd3 Nf6 21. h5 Be7 22. Rf1 Ne4 23. Nxe4 dxe4 24. Qxe4 Qg3 25. Qxe6+ Kd8 26. Rf7 Rxh5+ 27. gxh5 Qxg5 28. Bg4 Qc1+ 29. Kg2 Qd2+ 30. Kh3 1-0

[Event "Oberliga Ost A"]
[Site "?"]
[Date "2023.02.25"]
[Round "8.4"]
[White "Schunk, Thomas"]
[Black "Genkin, Michael"]
[Result "0-1"]
[WhiteElo "2179"]
[BlackElo "2265"]
[PlyCount "80"]
[EventDate "2022.09.18"]
[EventType "team-tourn"]
[EventCountry "GER"]
[WhiteTeam "Dresden SG Gruen Weiss"]
[BlackTeam "Leipzig SG II"]
[WhiteTeamCountry "GER"]
[BlackTeamCountry "GER"]

1. c4 e6 2. Nf3 d5 3. b3 Nf6 4. Bb2 Nbd7 5. e3 b6 6. Be2 Bb7 7. O-O Bd6 8. cxd5 exd5 9. Nd4 g6 10. f4 a6 11. Nf3 Qe7 12. Ne1 O-O-O 13. Qc2 Kb8 14. Nd3 Rhe8 15. a3 c5 16. Bf3 Rc8 17. Qd1 Ne4 18. Nc3 f5 19. g3 h5 20. Bg2 g5 21. fxg5 Qxg5 22. Nf4 d4 23. Nxe4 Bxe4 24. Bxe4 Rxe4 25. Ng2 h4 26. Qf3 hxg3 27. h4 Qh6 28. h5 Rf8 29. Nf4 Ne5 30. Qg2 Ng4 31. Nd5 Qxh5 32. Nxb6 Nf2 33. Rxf2 gxf2+ 34. Kxf2 Ka7 35. Rh1 Rh4 36. Qc6 Rh2+ 37. Rxh2 Qxh2+ 38. Kf1 Bg3 39. Qg2 Kxb6 40. exd4 Qxg2+ 0-1

[Event "Oberliga Ost A"]
[Site "?"]
[Date "2023.02.25"]
[Round "8.5"]
[White "Siedentopf, Daniel"]
[Black "Peters, Andreas"]
[Result "1-0"]
[WhiteElo "2247"]
[BlackElo "2247"]
[PlyCount "81"]
[EventDate "2022.09.18"]
[EventType "team-tourn"]
[EventCountry "GER"]
[WhiteTeam "Leipzig SG II"]
[BlackTeam "Dresden SG Gruen Weiss"]
[WhiteTeamCountry "GER"]
[BlackTeamCountry "GER"]

1. d4 Nf6 2. c4 g6 3. Nc3 d5 4. Nf3 Bg7 5. cxd5 Nxd5 6. e4 Nxc3 7. bxc3 O-O 8. Be3 c5 9. Rc1 Qa5 10. Nd2 cxd4 11. cxd4 Bd7 12. Bc4 Nc6 13. O-O Rac8 14. Nb3 Qd8 15. Qd2 Kh8 16. Rfd1 e6 17. Bh6 Bxh6 18. Qxh6 Na5 19. Rc3 e5 20. Rdd3 f6 21. dxe5 Nxc4 22. Rxc4 Qe7 23. Rxc8 Bxc8 24. exf6 Qxf6 25. Rf3 Rd8 26. h3 Qe7 27. Qf4 Kg8 28. Rc3 Be6 29. Rc7 Rd7 30. Rxd7 Bxd7 31. Qc7 Qxe4 32. Qxd7 Qe1+ 33. Kh2 Qxf2 34. Qc8+ Kg7 35. Qxb7+ Kh6 36. Qa6 Kg7 37. Qb7+ Kh6 38. Qc6 Kg7 39. a4 g5 40. Qc4 Qa2 41. Qd4+ 1-0

[Event "Oberliga Ost A"]
[Site "?"]
[Date "2023.02.25"]
[Round "8.6"]
[White "Limpert, Michael"]
[Black "Kaiser, Dieter"]
[Result "0-1"]
[WhiteElo "2121"]
[BlackElo "2203"]
[PlyCount "100"]
[EventDate "2022.09.18"]
[EventType "team-tourn"]
[EventCountry "GER"]
[WhiteTeam "Dresden SG Gruen Weiss"]
[BlackTeam "Leipzig SG II"]
[WhiteTeamCountry "GER"]
[BlackTeamCountry "GER"]

1. e4 c5 2. Nf3 Nc6 3. Bb5 g6 4. O-O Bg7 5. c3 Nf6 6. Re1 O-O 7. d4 d5 8. exd5 Nxd5 9. dxc5 Be6 10. Bxc6 bxc6 11. Nd4 Bd7 12. f4 Qc7 13. Nf3 Rad8 14. Qa4 f6 15. Be3 Bh6 16. Bf2 Qxf4 17. Qxa7 Qb8 18. Qxb8 Rxb8 19. b4 e5 20. a3 Rfe8 21. c4 Nf4 22. Nc3 Nd3 23. Red1 Bf5 24. g4 Nxf2 25. Kxf2 Bxg4 26. Rd6 e4 27. Nd4 Bf4 28. Rxc6 e3+ 29. Ke1 Be5 30. Rd6 Red8 31. Ncb5 Rxd6 32. cxd6 Rxb5 33. cxb5 Bxd4 34. Rc1 Be5 35. Rc4 Bd7 36. Re4 Bxb5 37. Rxe3 Kf7 38. Kd1 Ke6 39. Kc2 f5 40. Kb3 f4 41. Rh3 Bxd6 42. a4 Be2 43. Kc3 f3 44. Kd2 Bxb4+ 45. Ke3 h5 46. Rh4 Bc5+ 47. Kd2 Ke5 48. Rh3 Kf5 49. Ke1 g5 50. Rxh5 Bc4 0-1

[Event "Oberliga Ost A"]
[Site "?"]
[Date "2023.02.25"]
[Round "8.7"]
[White "Butscher, Daniel"]
[Black "Neuhoff, Laertes"]
[Result "1-0"]
[WhiteElo "2133"]
[BlackElo "1991"]
[PlyCount "101"]
[EventDate "2022.09.18"]
[EventType "team-tourn"]
[EventCountry "GER"]
[WhiteTeam "Leipzig SG II"]
[BlackTeam "Dresden SG Gruen Weiss"]
[WhiteTeamCountry "GER"]
[BlackTeamCountry "GER"]

1. d4 d5 2. Nc3 Nf6 3. Bf4 a6 4. e3 e6 5. g4 c5 6. g5 Nfd7 7. Nf3 Nc6 8. h4 cxd4 9. exd4 Qb6 10. a3 Be7 11. h5 O-O 12. b4 f6 13. g6 h6 14. Qd2 f5 15. Bxh6 Bf6 16. Be3 f4 17. Bxf4 Nxd4 18. Nxd4 Qxd4 19. Qxd4 Bxd4 20. Bd2 Bxf2+ 21. Ke2 Bg3 22. Be1 Be5 23. Rd1 Nf6 24. Na4 Bd7 25. Nc5 Bc6 26. Bh3 d4 27. Bxe6+ Kh8 28. Rh4 Rae8 29. Bf7 Re7 30. Kd2 Bf3 31. Ne6 Rxe6 32. Bxe6 Bxd1 33. Kxd1 Rd8 34. Bf5 Nd5 35. Bd3 Ne3+ 36. Ke2 Ng2 37. Re4 Bf6 38. Bf2 Kg8 39. Bc4+ Kf8 40. Kf3 Ne3 41. Bxe3 dxe3 42. Rxe3 Re8 43. Rd3 Re5 44. Rd7 Re7 45. Rd6 Rc7 46. Bb3 Rc6 47. Rd7 b5 48. Rf7+ Ke8 49. h6 gxh6 50. g7 Rc3+ 51. Ke4 1-0

[Event "Oberliga Ost A"]
[Site "?"]
[Date "2023.02.25"]
[Round "8.8"]
[White "Lauckner, Joerg"]
[Black "Kunze, Christopher"]
[Result "1/2-1/2"]
[WhiteElo "2056"]
[BlackElo "2098"]
[PlyCount "92"]
[EventDate "2022.09.18"]
[EventType "team-tourn"]
[EventCountry "GER"]
[WhiteTeam "Dresden SG Gruen Weiss"]
[BlackTeam "Leipzig SG II"]
[WhiteTeamCountry "GER"]
[BlackTeamCountry "GER"]

1. d4 Nf6 2. c4 g6 3. Nc3 Bg7 4. e4 d6 5. Nf3 O-O 6. Be2 Nc6 7. Be3 e5 8. d5 Ne7 9. Nd2 Ne8 10. f3 f5 11. c5 f4 12. Bf2 g5 13. Nc4 Ng6 14. Qb3 Nh4 15. O-O-O Nxg2 16. Rhg1 Nh4 17. cxd6 cxd6 18. Nb5 a6 19. Nb6 Rb8 20. Na7 Bh3 21. Kb1 h6 22. Bf1 Bxf1 23. Rdxf1 Rf7 24. Rc1 Kh7 25. Rc3 Rc7 26. Rxc7 Nxc7 27. Rc1 Ng6 28. Qa4 Nf8 29. Rc3 h5 30. h3 Bf6 31. Qc2 Ne8 32. a4 Nd7 33. Nac8 Nf8 34. a5 Be7 35. Nxe7 Qxe7 36. Rc8 Rxc8 37. Qxc8 Kg7 38. Qf5 Qf6 39. Qc8 Qe7 40. Qf5 Nc7 41. Nc8 Qd8 42. Bb6 Ng6 43. b3 Nh4 44. Bxc7 Qxc7 45. Qxg5+ Ng6 46. Qf5 Nf8 1/2-1/2

[Event "Oberliga Ost A"]
[Site "?"]
[Date "2023.02.25"]
[Round "8.1"]
[White "Becker, Michael"]
[Black "Malek, Daniel"]
[Result "1/2-1/2"]
[WhiteElo "2228"]
[BlackElo "2333"]
[PlyCount "87"]
[EventDate "2022.09.18"]
[EventType "team-tourn"]
[EventCountry "GER"]
[WhiteTeam "Leipzig SG II"]
[BlackTeam "Dresden SG Gruen Weiss"]
[WhiteTeamCountry "GER"]
[BlackTeamCountry "GER"]

1. e4 e6 2. d3 d5 3. Qe2 Nf6 4. Nf3 Be7 5. g3 O-O 6. Bg2 b5 7. O-O c5 8. Bf4 Nc6 9. exd5 exd5 10. c4 bxc4 11. dxc4 Ba6 12. Na3 Re8 13. Rfd1 Qb6 14. Qc2 Rad8 15. cxd5 Nb4 16. Qa4 Nfxd5 17. Ne5 Nxf4 18. gxf4 Qe6 19. Nb5 Bxb5 20. Qxb5 Bd6 21. Qa5 Qf6 22. Nc4 Bxf4 23. Rxd8 Rxd8 24. Qxc5 Nd3 25. Qxa7 Nxb2 26. Nxb2 Qxb2 27. Re1 Qd2 28. Qe7 g6 29. Bf3 Bg5 30. Qe2 Qc3 31. Rd1 Rxd1+ 32. Qxd1 Qc1 33. Qxc1 Bxc1 34. a4 Bd2 35. Kf1 Ba5 36. Bd5 Kf8 37. Ke2 Bb6 38. f3 Ke7 39. Kd3 f6 40. Kc4 Kd6 41. h3 g5 42. Be4 h6 43. Bg6 Ke5 44. Kd3 1/2-1/2

[Event "Oberliga Ost A"]
[Site "?"]
[Date "2023.02.25"]
[Round "8.2"]
[White "Spitzl, Vinzent"]
[Black "Hoepfl, Thomas"]
[Result "1-0"]
[WhiteElo "2368"]
[BlackElo "2265"]
[PlyCount "75"]
[EventDate "2022.09.18"]
[EventType "team-tourn"]
[EventCountry "GER"]
[WhiteTeam "Halle USV"]
[BlackTeam "Magdeburg SG Aufbau Elbe"]
[WhiteTeamCountry "GER"]
[BlackTeamCountry "GER"]

1. d4 Nf6 2. Nf3 e6 3. c4 b6 4. a3 Bb7 5. Bf4 g6 6. Nc3 Bg7 7. Qc2 d6 8. e4 Nbd7 9. Be2 Qe7 10. Bg5 h6 11. Bd2 O-O 12. O-O c5 13. Rad1 cxd4 14. Nxd4 Nc5 15. Bf3 Rac8 16. Be3 Rfd8 17. Rfe1 Ncd7 18. b3 g5 19. Be2 Ne5 20. f3 Nh5 21. Qd2 Qf6 22. Bf1 Nf4 23. g3 Nfg6 24. Bg2 Ne7 25. Rf1 Qg6 26. h3 N5c6 27. Ndb5 d5 28. exd5 exd5 29. Nxd5 Nxd5 30. cxd5 Na5 31. d6 Nxb3 32. Qb4 Qe6 33. Rfe1 Qc4 34. Nxa7 Bc3 35. Qxc4 Rxc4 36. Bxb6 Bxe1 37. Bxd8 Bxg3 38. Bb6 1-0

[Event "Oberliga Ost A"]
[Site "?"]
[Date "2023.02.25"]
[Round "8.3"]
[White "Sukaylo, Aleksey"]
[Black "Melamed, Tatjana"]
[Result "1-0"]
[WhiteElo "2100"]
[BlackElo "2330"]
[PlyCount "57"]
[EventDate "2022.09.18"]
[EventType "team-tourn"]
[EventCountry "GER"]
[WhiteTeam "Magdeburg SG Aufbau Elbe"]
[BlackTeam "Halle USV"]
[WhiteTeamCountry "GER"]
[BlackTeamCountry "GER"]

1. e4 c5 2. Nf3 e6 3. d4 cxd4 4. Nxd4 Nc6 5. Nc3 Qc7 6. Be3 a6 7. Nb3 Nf6 8. Bd3 b5 9. O-O Be7 10. f4 d6 11. Qf3 Bb7 12. Rae1 O-O 13. a3 b4 14. axb4 Nxb4 15. Qg3 d5 16. e5 Ne4 17. Bxe4 dxe4 18. Nd4 Bc5 19. f5 Rfd8 20. fxe6 Bxd4 21. exf7+ Kf8 22. Bxd4 Rxd4 23. Qh3 Qxe5 24. Qxh7 Rdd8 25. Nxe4 Nxc2 26. Qh8+ Ke7 27. Qh4+ Kf8 28. Ng5 Qc5+ 29. Rf2 1-0